| 000 | 00513nam a2200181Ia 4500 | ||
|---|---|---|---|
| 003 | GCL | ||
| 008 | 140319s9999 xx 000 0 eng d | ||
| 040 |
_aGCL / _cGCL |
||
| 082 | 0 | 4 |
_a612.7 _bB E |
| 100 | 1 | _aBARRETT, DAVID | |
| 245 | 1 | 0 |
_aESSENTIAL BASIC SCIENCES FOR ORTHOPAEDICS / _cBARRETT, DAVID |
| 700 | 1 | _aBENTLY, PROFESSOR G. | |
| 260 |
_a[S.N] : _bBUTTERWORTH HEINEMANN ، _c1994 |
||
| 300 | _a174 P | ||
| 650 | 0 | 4 | _aMUSCULO - SKELETAL DISEASES |
| 650 | 0 | 4 | _aSURGICAL WOUND INFECTION |
| 942 |
_2ddc _cBK |
||
| 999 |
_c21178 _d21178 |
||